Online
Catalog

La búsqueda bibliógrafica / (Record no. 29853)

MARC details
000 -CABECERA
campo de control de longitud fija 00751nam a2200193 a 4500
001 - NÚMERO DE CONTROL
campo de control 000030361
005 - FECHA Y HORA DE LA ÚLTIMA TRANSACCIÓN
campo de control 20200930062255.0
008 - DATOS DE LONGITUD FIJA--INFORMACIÓN GENERAL
campo de control de longitud fija 110511s1996 bo 000 0 spa d
040 ## - FUENTE DE LA CATALOGACIÓN
Centro catalogador/agencia de origen DO-SdBNP
Lengua de catalogación spa
Centro/agencia transcriptor BNPHU
082 ## - NÚMERO DE LA CLASIFICACIÓN DECIMAL DEWEY
Número de clasificación xxxx
Número de documento/Ítem A666b
049 ## - FONDOS LOCALES (OCLC)
Fondos de biblioteca BNPD
100 1# - ENTRADA PRINCIPAL--NOMBRE DE PERSONA
Nombre de persona Arboleda de Roa, Lucero
9 (RLIN) 31310
245 13 - MENCIÓN DE TÍTULO
Título La búsqueda bibliógrafica /
Mención de responsabilidad, etc. Lucero Arboleda de Roa, Manuel de Jesús Roa Santana, Nelly C. Piña.
260 ## - PUBLICACIÓN, DISTRIBUCIÓN, ETC.
Lugar de publicación, distribución, etc. La Paz :
Nombre del editor, distribuidor, etc. Organización Panamericana de la Salud :
-- Organización Mundial de la Salud,
Fecha de publicación, distribución, etc. 1996.
300 ## - DESCRIPCIÓN FÍSICA
Extensión 56 p. ;
Dimensiones 27 cm.
490 1# - MENCIÓN DE SERIE
Mención de serie Introducción a la metodología de la investigación
Designación de volumen o secuencia no. 2
504 ## - NOTA DE BIBLIOGRAFÍA, ETC.
Nota de bibliografía, etc. Bibliografía : p. 59-60
830 #0 - PUNTO DE ACCESO ADICIONAL DE SERIE-TÍTULO UNIFORME
Título uniforme Introducción a la metodología de la investigación
Designación de volumen o secuencia no. 2
9 (RLIN) 50438
Holdings
Estado de retiro Estado de pérdida Restricciones de uso No para préstamo Código de colección Localización permanente Ubicación/localización actual Ubicación en estantería Fecha de adquisición Número de inventario Total de préstamos Signatura topográfica completa Código de barras Fecha visto por última vez Precio válido a partir de Tipo de ítem Koha
      Excluido de préstamo Monografías: Libros y Folletos Patrimonio Dominicano Patrimonio Dominicano Depósito 11.05.2011 LF1   xxxx A666b 30361-10 25.06.2020 25.06.2020 No se presta

Powered by Koha